000 00660nam a22002417a 4500
003 UA-OsUOA
001 71739
007 ta
008 20101202b un ||||| |||| 00| 0 ukr d
100 _aШеварднадзе Э.
090 _a323(47+57)+929
_bШ37
942 _cBK
040 _aUA-OsUOA
_brus
_cUA-OsUOA
_dUA-OsUOA
245 _aКогда рухнул железный занавес. Встречи и воспоминания
300 _a428 с.
955 _a2
041 _arus
080 _a323(47+57)+929
020 _a978-5-9739-0188-2
260 _aМ.
_bЕвропа
_c2009
650 7 _a32 Політика
_2UDC
999 _c358255
_d358255